Statistics for Countries By Exports

Click here to take the quiz!

General Stats

  • This quiz has been taken 70 times
  • The average score is 25 of 37

Answer Stats

Hint Answer % Correct
Motor VehiclesGermany
100%
OilSaudi Arabia
97%
Manufactured GoodsUK
95%
Electronic EquipmentChina
95%
GoldSouth Africa
95%
Transport EquipmentBrazil
93%
Capital GoodsUnited States
88%
Motor Vehicles And PartsCanada
84%
Clothing And ShoesMexico
84%
SoybeansArgentina
84%
PetroleumIran
84%
Engineering ProductsItaly
84%
CopperChile
79%
Motor VehiclesSpain
79%
Precious StonesIndia
79%
CopperPeru
78%
PetroleumVenezuela
78%
Crude OilIraq
76%
PetroleumColombia
76%
Motor VehiclesSweden
74%
PetroleumOman
71%
Natural GasBolivia
66%
DiamondsDem. Rep. of the Congo
62%
CoffeeEthiopia
62%
OpiumAfghanistan
59%
Crude OilAngola
57%
PetroleumEcuador
55%
DiamondsBotswana
55%
Crude OilYemen
53%
Crude OilLibya
48%
DiamondsNamibia
48%
GoldSudan
40%
ComputersIreland
36%
OilKazakhstan
29%
CopperMongolia
26%
CoffeeMadagascar
19%
DiamondsCentral African Republic
7%

Score Distribution

Percentile by Number Answered

Percent of People with Each Score

Your Score History

You have not taken this quiz